000 00909cam a2200253 4500
001 285820
003 Ke-BoTe
005 20230322020004.0
008 690321s1969 caua b 000 0 eng
010 _a 68008388
040 _aDLC
_cDLC
_dDLC
050 0 0 _aBJ1251
_b.R5 1969
082 0 0 _a241
100 1 _aRidenour, Fritz.
_9335
245 1 0 _aIt all depends;
_ba comparison of Situation ethics and the Playboy philosophy with what the Bible teaches about morality.
_cIllustrated by Joyce Thimsen. Research by Georgiana Walker.
260 _aGlendale, Calif.,
_bG/L Regal Books
_c[1969]
300 _a234 p. :
_billus. ;
_c18 cm.
504 _aIncludes bibliographical references.
600 1 0 _aFletcher, Joseph F.
_tSituation ethics.
_92806
630 0 _aPlayboy (Chicago, Ill.)
_92807
650 0 _aChristian ethics.
_964
906 _a7
_bcbc
_corignew
_du
_encip
_f19
_gy-gencatlg
942 _2lcc
_cBK
_n0
_01
999 _c1404
_d1404